000 00613nam a2200193Ia 4500
005 20221212144003.0
008 131103s9999 xx 000 0 und d
040 _aLoreto College
041 _aEnglish
082 _a812.08
_bLOV
100 _aLovell,John
245 _aGreat American plays indigest form
_b complete summaries of morethan 100 plays from the beginnings to the present
_cJohn Lovell
260 _aNew York
_bThomas Y.Crowell
_c1961 (1965 printing)
300 _axxiii,452 p.
440 _aA Crowell reference Book
650 _aAmerican Drama - Collections
850 _aLCLIB
942 _cBK
999 _c11733
_d62212